| 000 | 004490000a22001810004500 | ||
|---|---|---|---|
| 003 | MACL | ||
| 005 | 20160421124524.0 | ||
| 008 | 160421b xxu||||| |||| 00| 0 eng d | ||
| 040 |
_aMACL _cMACL |
||
| 041 | _aHindi | ||
| 082 | _a740 | ||
| 100 |
_aSthapaka Niranjana Mahapatra _953056 |
||
| 245 | _aSilparatnakosa | ||
| 260 |
_bMotilal Banarsidass Publishers _c1994 _aDelhi |
||
| 350 | _a400 | ||
| 650 |
_aSculpture _97273 |
||
| 942 |
_cHIN _k740 _2ddc |
||
| 999 |
_c20754 _d20754 |
||